[Event "ISR-ch sf"]
[Site "Ramat Aviv"]
[Date "2000.08.??"]
[Round "?"]
[White "Tsesarsky, Ilya"]
[Black "Erenburg, Sergey"]
[Result "1-0"]
[WhiteElo "2489"]
[BlackElo "2363"]
[Annotator "Tsesarsky,I"]
[PlyCount "109"]
[EventDate "2000.08.16"]
[EventType "swiss"]
[EventRounds "9"]
[EventCountry "ISR"]
[SourceTitle "CBM 078"]
[Source "ChessBase"]
[SourceDate "2000.10.18"]
[SourceVersion "1"]
[SourceVersionDate "2000.10.18"]
[SourceQuality "1"]

1. Nf3 d5 2. d4 Nf6 3. c4 c6 4. Nc3 e6 5. e3 Nbd7 6. Qc2 Bd6 7. Bd3 O-O 8. O-O
dxc4 9. Bxc4 a6 10. e4 e5 11. Rd1 (11. Be2 Re8 12. Bg5 Qc7 13. dxe5 Bxe5 14.
Nxe5 Qxe5 15. Qd2 h6 16. Bf4 Nxe4 17. Nxe4 Qxe4 18. Bxa6 Nf6 19. Rfe1 Qg6 20.
Bc4 {1/2-1/2 Levitt,J-Schlosser,P/Goodricke Int., Calcutta IND 1998/ (20)}) (
11. Be3 Qc7 12. h3 b5 13. Bb3 exd4 14. Bxd4 c5 15. Bxf6 Nxf6 16. Nd5 Nxd5 {
1/2-1/2 Schlosser,P-Chernin,A/Altensteig(6) 1990/(16)}) (11. dxe5 Nxe5 12. Nxe5
Bxe5 13. h3 Re8 14. Bd3 Qe7 15. Bd2 Be6 16. f4 Bxc3 17. Bxc3 Bc4 18. Bxc4 Qc5+
19. Rf2 Qxc4 20. Bxf6 {1/2-1/2 Naumkin,I-Lacrosse,M/Open, Saint Vincent ITA
1998/ (20)}) 11... Qc7 12. g3 (12. h3 exd4 13. Nxd4 Re8 14. a3 Be5 15. Be3 Nf8
16. Rd2 b5 17. Ba2 c5 18. Nde2 c4 19. Nd5 Nxd5 20. exd5 Ng6 21. Rad1 $132 {
1-0 Kamsky,G-Anand,V/Tilburg 1991/ (101)}) 12... b5 13. Be2 h6 $1 $146 {
[%mdl 12] Very strong novelty!} (13... Re8 14. a3 c5 (14... h6 15. b4 a5 16.
bxa5 Rxa5 17. Bb2 Bb7 18. Rac1 Qb8 19. dxe5 Nxe5 20. Nxe5 Bxe5 21. f4 Qa7+ $132
{1-0 Solozhenkin,E-Norri,J/Helsinki FIN 2000/The Week in Chess 297 (44)}) (
14... exd4 15. Nxd4 Be5 16. Bg5 c5 17. Nf5 g6 18. Nh6+ Kg7 19. Ng4 Nxg4 20. Nd5
Qa7 21. Bxg4 Nf8 22. Bxc8 Raxc8 23. Bf4 Bxf4 24. Nxf4 Qe7 25. f3 Nd7 26. Qc3+
Nf6 27. Rd2 $14 {1-0 Dreev,A-Iskusnyh,S/Smolensk RUS 2000/The Week in Chess
286/ (47)}) (14... Bb7 15. dxe5 Nxe5 16. Bg5 Nxf3+ 17. Bxf3 Be5 18. Bxf6 gxf6
19. Bg4 Rad8 20. Rac1 (20. Bf5 Bc8 21. Bxc8 Qxc8 22. Rac1 Qe6 23. Rxd8 Rxd8 24.
Nd1 $16 {1-0 Karpov,A-Kramnik,V/Amber Rapid, Monte Carlo MON 1998/(29)}) 20...
Bc8 21. Bxc8 Qxc8 22. Rxd8 Rxd8 23. Nd5 Qe6 24. Ne3 $16 {1-0 Piket,J-Kramnik,V/
Monte Carlo MNC 1999/(34)}) 15. dxe5 Nxe5 16. Bg5 Bg4 17. Bxf6 Nxf3+ 18. Kg2
Be5 19. Nd5 Qa7 20. Bxg7 Bh3+ 21. Kxh3 Ng5+ 22. Kh4 Kxg7 23. Kxg5 Qd7 24. Bg4
Qd8+ 25. Kh5 Kh8 26. f4 Rg8 27. Bf5 Rc8 28. Qc1 Rc6 29. fxe5 {1-0 Shipov,
S-Savchenko,S/Russian Club Cup, Maikop RUS 1998/(29)}) 14. a3 $5 (14. dxe5 Nxe5
15. Nxe5 (15. Nd4 Rd8 (15... b4 16. Na4 c5 17. Nf5 Bxf5 18. exf5 Rfe8 19. Be3
$14) 16. Bf4 c5 17. Nf5 (17. Nb3 Bb7 18. Nd5 Nxd5 19. exd5 c4 20. Rac1 Ng6 $17)
17... Bxf5 18. exf5 Nc6 19. Be3 (19. Rxd6 Rxd6 20. Bxb5 Nd4 $19) 19... Nb4 20.
Qc1 $132) (15. Be3 Nxf3+ (15... Re8 $5 $132) 16. Bxf3 Bg4 17. Bxg4 Nxg4 18. Bd4
Rad8 $11) 15... Bxe5 16. Be3 Re8 {[%csl Re4][%cal Ge5c3]} 17. Nb1 (17. f3 Bxg3
$19) (17. Rac1 Be6 18. b4 Bxc3 19. Qxc3 Nxe4 20. Qxc6 Qxc6 21. Rxc6 Bxa2 22.
Ra1 Bd5 23. Rcxa6 Rxa6 24. Rxa6 $14) 17... Bd6 18. Nd2 c5 19. Rac1 Bb7 20. Bf3
$11) 14... c5 $1 {Logical continuation of previous move.} 15. dxe5 {Another
possibilities also don't promise nothing to White:} (15. Nxe5 Nxe5 16. Nd5 Nxd5
17. dxe5 Bxe5 18. exd5 Bb7 19. Be3 c4 $11) (15. d5 c4 16. a4 Rb8 (16... b4 17.
Nb1 b3 18. Qxc4 Qxc4 19. Bxc4 Nxe4 20. Bxb3 $16) 17. axb5 axb5 18. Be3 Ng4 19.
Bd2 Nc5 $132) (15. dxc5 Bxc5 $11) 15... Nxe5 16. Nh4 (16. a4 $5 b4 17. Nxe5 (
17. Nd5 Nxd5 18. exd5 Nxf3+ 19. Bxf3 Re8 20. Be3 Bh3 $11) 17... Bxe5 18. Nd5
Nxd5 19. Rxd5 Bd6 20. Qd3 Be7 21. Bf4 Qa5 22. Bd6 Bxd6 23. Rxd6 Re8 $11) (16.
Rxd6 $2 Qxd6 17. Bf4 Nxf3+ $1 (17... Nfg4 18. Nxe5 Nxe5 19. Rd1) (17... Nfd7
18. Nxe5 Nxe5 19. Rd1 Qe6 20. Nd5 Ra7 21. Qxc5 Rd7 22. Bxe5 Qxe5 23. Bg4 $16)
18. Bxf3 Qc6 $1 19. Rd1 (19. Nd5 Nxd5 20. exd5 Qf6 21. Qxc5 Qxb2 22. Rd1 Bh3
23. d6 Rad8 $17) 19... Bb7 20. Nd5 Rae8 $17) 16... c4 ({I was afraid from} 
16... Nc6 17. Be3 Ng4 18. Bxg4 Bxg4 19. f3 $5 Nd4 $5 20. Qf2 Be6 21. Bxd4 cxd4
{But after} 22. Nd5 $1 $132 {Position is equal} ({Not} 22. Ne2 $2 Bc5 $1 {
[%cal Gc5g1]} 23. b4 (23. Nxd4 Rfd8 24. b4 Bb6 25. Rd3 Rxd4 26. Rxd4 Rd8 $19)
23... Bb6 24. Rac1 Qa7 25. Rc6 Rac8 $1 $17)) 17. Be3 Neg4 18. Bd4 Bc5 19. Nd5 (
19. a4 Qa7 20. Bxc5 Qxc5 21. Bf3 Bb7 $132) 19... Nxd5 20. exd5 Rd8 21. Nf5 $1
Bxf5 (21... Rxd5 22. Qe4 $1 $16) (21... Bxd4 22. Rxd4 Nf6 23. d6 Qc5 24. Ne7+
Kh8 25. Rad1 Bb7 26. Qf5 $14) 22. Qxf5 Bxd4 23. Rxd4 Nf6 24. Bf3 {White free P
d5 is blocked, position is equal, but Sergey evaluated this position as with
Black advantage.} Rd6 25. Rad1 (25. Re1 Rad8 $11) 25... Rad8 $11 26. h4 Re8 27.
Qf4 Qe7 $6 (27... Re7 $11) 28. Qd2 $1 Qc7 29. Qb4 Nd7 $5 (29... Re5 $11 {
[%csl Rd5]}) 30. a4 Ne5 $5 (30... Qc5 31. Qc3 Ne5 $11) 31. Be2 Rb8 (31... a5
32. Qd2 bxa4 33. f4 Nd3 34. Bxd3 cxd3 35. Rxd3 $14) 32. Re4 Nd7 ({Why not} 
32... f6 $1 33. f4 Nd7 34. axb5 axb5 35. Re7 (35. Re6 Rxe6 36. dxe6 Qb6+ $15) (
35. Bg4 Qb6+ 36. Kg2 Nc5 37. Re2 Nd3 38. Qc3 Kf8 39. Bf3 $132) 35... Qc5+ 36.
Qxc5 Nxc5 $132) 33. axb5 axb5 34. Qc3 (34. Re7 Kf8) 34... Nc5 $5 (34... Nf6 35.
Re5 (35. Red4 Ra8 $11) 35... Ra8 36. Bf3 $11) 35. Rg4 g6 $6 ({Right was} 35...
f5 36. Rf4 Qd7 37. Qe3 (37. Qf3 Rf8 38. g4 Rg6 39. h5 Rgf6 $15) 37... Re8 38.
Qxc5 Rxe2 39. Qd4 $11) 36. Qe3 Kh7 $2 {Permits to White start strong
initiative.} ({Also right was} 36... f5 $1 37. Rf4 Rbd8 38. h5 Ne6 39. dxe6
Rxd1+ 40. Bxd1 Rxd1+ 41. Kh2 Qc6 $11) 37. h5 g5 38. Bxc4 $1 {Unexpected
tactical impact!} Qd7 (38... f5 39. Bd3 (39. b4 fxg4 40. bxc5 bxc4 41. cxd6 $18
) 39... Rxd5 40. Rd4 Re5 41. Bxf5+ Rxf5 42. b4 Re5 43. Qc3 Rbe8 44. bxc5 $16) (
38... bxc4 39. Rxc4 Rxb2 40. Rxc5 Qd7 41. Qd3+ Kg8 42. Qc4 $16) 39. Bd3+ Kh8 $2
$18 (39... Kg8 40. Rd4 $16) 40. Qxc5 Qxg4 41. Qxd6 Qxd1+ 42. Kg2 ({Strong was
also} 42. Bf1 Ra8 43. Qxh6+ Kg8 44. Qxg5+ Kh7 45. Qf5+ Kg7 46. Kg2 Ra1 47. h6+
Kxh6 48. Qf6+ Kh7 49. Qxf7+ Kh8 50. Qe8+ Kg7 51. Qxb5 $18) 42... Qxd3 43. Qxb8+
Kh7 44. Qe5 {QQ endgame is absolutely lost} g4 45. d6 Qf3+ 46. Kg1 Qd3 47. b4
Qd1+ 48. Kh2 Qd3 49. Qf4 Qd5 50. Qxg4 Qxd6 51. Qf5+ Kg7 52. Qxb5 Qd4 53. Qc5
Qg4 54. b5 f5 55. Qe7+ 1-0

[Event "RUS-ch51"]
[Site "St Petersburg"]
[Date "1998.07.28"]
[Round "1"]
[White "Ibragimov, Ildar"]
[Black "Najer, Evgeniy"]
[Result "1-0"]
[WhiteElo "2590"]
[BlackElo "2500"]
[Annotator "Tsesarsky,I"]
[PlyCount "61"]
[EventDate "1998.07.28"]
[EventType "swiss"]
[EventRounds "11"]
[EventCountry "RUS"]
[SourceTitle "CBM 067"]
[Source "ChessBase"]
[SourceDate "1998.11.30"]
[SourceVersion "2"]
[SourceVersionDate "1998.11.01"]
[SourceQuality "1"]

1. d4 d5 2. c4 c6 3. Nf3 Nf6 4. Nc3 e6 5. e3 Nbd7 6. Bd2 Bd6 7. Bd3 O-O 8. O-O
dxc4 9. Bxc4 b5 (9... e5 10. Qc2 (10. Bb3 h6 (10... Qe7 11. Bc2 h6 12. Nh4 Nb6
13. Nf5 Bxf5 14. Bxf5 exd4 15. exd4 Nbd5 16. Qf3 Rfe8 17. Rae1 Qc7 18. g3 $11 {
Vogel,R-Grzesik,T/BL2-N 1991/1/2-1/2 (71)}) 11. Qc2 Re8 12. Nh4 Nf8 13. Nf5 Bc7
14. dxe5 Rxe5 15. Ng3 h5 16. f4 Re8 17. Rae1 h4 18. Nh1 Be6 $11 {1-0 Ibragimov,
I-Filippov,V/RUS-ch Elista 1995 (42)}) (10. dxe5 Nxe5 11. Nxe5 Bxe5 12. f4 Bc7
13. h3 Bf5 14. Qe1 Re8 15. Rd1 Bc2 16. Rc1 Bd3 $17 {0-1 Pupols,V-Strugatsky,V/
USA event 1990 (28)}) 10... Qe7 11. Rae1 e4 12. Ng5 Nb6 13. Be2 Bf5 14. f3 Qc7
15. f4 Rae8 16. g4 Bxg4 17. Bxg4 {1/2-1/2 Atalik,S-Yegiazarian,A/Ankara zt 1995
}) 10. Bd3 $14 (10. Bb3 Bb7 (10... a6 11. e4 e5 (11... b4 12. e5 bxc3 13. bxc3
$14) 12. Bg5 $1 (12. d5 cxd5 13. Bxd5 (13. Nxd5 Nxe4 $17) 13... Nxd5 14. Nxd5
Bb7 $15) 12... h6 (12... exd4 13. Qxd4 Bc7 14. Rad1 c5 15. Qe3 c4 16. Bc2 (16.
e5 cxb3 17. exf6 Re8 18. Qc1 gxf6 19. Nd5 Bd6 (19... Bxh2+ 20. Nxh2 fxg5 21.
Nc7 $16) 20. Bxf6 Nxf6 21. Qg5+ Kh8 22. Nxf6 Re6 23. Nh5 Qxg5 24. Nxg5 $18)
16... Bb6 (16... Re8 17. e5 $1 $16) 17. Qe1 Bb7 (17... h6 18. Bxf6 Qxf6 19. e5
$18) 18. Bxf6 gxf6 19. Qd2 $16) 13. Bh4 exd4 14. Qxd4 Bc7 15. Rad1 c5 16. Qe3
c4 17. Bc2 $5 $14 (17. e5 $1 cxb3 18. exf6 g5 (18... Re8 19. Qc1 $18) 19. Bxg5
Re8 20. Qc1 $18)) 11. e4 b4 (11... e5 12. Bg5 exd4 13. Qxd4 Be7 14. e5 c5 15.
Qh4 Bxf3 16. exf6 $18) 12. e5 bxc3 13. bxc3 Be7 (13... Bc7 14. exf6 Nxf6 15.
Bg5 $14) 14. exf6 Bxf6 15. Be3 (15. Bc2 Ba6 16. Re1 c5 17. Be4 $14) 15... Qc7
16. Ng5 c5 $11 {1-0 Gurevich,D-Rubenchik,R/World Open, Philadelphia USA 1998 
(41)}) 10... b4 (10... Bb7 11. Qc2 Rc8 12. Ng5 h6 (12... Bxh2+ 13. Kxh2 Ng4+
14. Kg3 Qxg5 15. f4 Nxe3+ 16. fxg5 Nxc2 17. Bxc2 $16) 13. Nge4 Nxe4 14. Nxe4
Be7 15. b4 (15. Nc5 Nxc5 16. dxc5 Bxc5 $15) (15. Rac1 c5 16. Bxb5 cxd4 17. Qd3
Rxc1 18. Rxc1 Ne5 19. Qb1 Qa8 20. f3 Bxe4 21. Qxe4 Qxe4 22. fxe4 Rb8 23. a4 d3
24. Bc3 $132) 15... e5 16. Nc5 Nxc5 17. dxc5 $14) 11. Na4 c5 $5 (11... a5 12.
Rc1 $14) 12. dxc5 (12. Qc2 $5 Bb7 (12... cxd4 13. Qc6 (13. Nxd4 Bb7 14. Rac1
Rc8 15. Qb1 Qa5 16. b3 Qg5 17. f3 Ne5 $15) 13... Nb6 14. Nxd4 Bb7 15. Qxb7 Nxa4
16. Nc6 Qc8 (16... Bxh2+ 17. Kxh2 Qxd3 18. Bxb4 Ng4+ 19. Kg3 $18) 17. Ba6 Qxb7
18. Bxb7 Rae8 19. Ba6 (19. b3 Nc5 20. Na5 $11) 19... Nxb2 20. Rfb1 Na4 21. Bxb4
Bxb4 22. Rxb4 Nc5 23. Bc4 $16) 13. Ng5 (13. Nxc5 $5 Bxc5 14. dxc5 Nxc5 (14...
Bxf3 15. gxf3 Nxc5 16. Qxc5 Qxd3 17. Bxb4 $14) 15. Qxc5 Qxd3 16. Bxb4 $14)
13... cxd4 14. Bxh7+ Kh8 15. exd4 Rc8 16. Qb1 Qc7 17. Rc1 Bxh2+ 18. Kh1 Qd6
$132) 12... Nxc5 (12... Bxc5 13. Nxc5 Nxc5 14. Be2 Qb6 15. a3 $14 (15. Ne5 Rd8
16. Qc2 Bb7 $11)) 13. Nxc5 Bxc5 14. Qe2 (14. Qc2 $5 Bb7 15. Qxc5 (15. Ng5 h6
16. Nh7 Nxh7 17. Bxh7+ Kh8 18. Qxc5 Qxd2 19. Qc2 Qd5 20. f3 Rac8 21. Qd3 f5 $1
$19) 15... Qxd3 16. Bxb4 Bxf3 17. gxf3 $14) 14... Qe7 (14... Bb7 15. e4 $14)
15. e4 e5 (15... Bb7 16. Rac1 Rac8 17. e5 Nd7 18. Bxh7+ (18. Ng5 h6 19. Bh7+
Kh8 20. Be4 Bxe4 21. Nxe4 Bd4 (21... b3 22. axb3 (22. a3 $14) 22... Bd4 23. Rc4
Rxc4 24. Qxc4 Bxe5 25. Bb4 $16) 22. Rc4 $1 $16) 18... Kxh7 19. Ng5+ Kg6 20.
Qd3+ f5 21. exf6+ Kxf6 22. Rfe1 (22. Nh7+ Kf7 23. Nxf8 (23. Bg5 Qd6 24. Qxd6
Bxd6 25. Nxf8 Rxf8 26. Rfd1 Bd5 $15) 23... Rxf8 24. Be3 $14) 22... Bd5 (22...
e5 23. Nh7+ Kf7 24. Qb3+ Kg6 25. Nxf8+ Rxf8 26. Be3 $14)) 16. Rac1 Bg4 (16...
a5 17. Bg5 $14) 17. h3 Bd7 18. Bg5 h6 $2 $16 (18... Rac8 19. Ba6 Rc7 20. Rfd1
$14) 19. Bxf6 gxf6 20. Nh4 $1 (20. Rfd1 Rfd8 21. Nh4 $16) 20... Kh7 (20... Rfd8
21. Bc4 $16 (21. Qh5 Kg7 (21... Bxh3 22. gxh3 Rxd3 23. Nf5 $18) 22. Be2 $16 {
[%cal Re2g4]} (22. Bb5 Be6 23. Bc4 Bd7 24. Bxf7 Bxf2+ (24... Qxf7 25. Qxf7+
Kxf7 26. Rxc5 $16) 25. Rxf2 Qxf7 26. Qxf7+ Kxf7 27. Rcf1 $18))) 21. Bb5 Be6 (
21... Bxb5 22. Qxb5 Rac8 23. Nf5 Qc7 24. Qe2 Rg8 25. Qd2 Rg6 26. Qd5 Kg8 27.
Rfd1 $22 a5 28. Nd6 $18) 22. Qh5 Rg8 (22... Rfc8 23. Nf5 (23. Ba6 Rc7 24. Nf5
Bxf5 25. Qxf5+ Kg7 26. Rc2 $14) 23... Qf8 (23... Bxf5 24. Qxf5+ Kg7 25. Qg4+
Kh7 26. Bd7 (26. Rfd1 Rc7) 26... Rg8 27. Bf5+ Kh8 28. Qh5 Kg7 29. Rfd1 Rad8 30.
Rxd8 Rxd8 31. Rc2 $16) 24. b3 Rc7 25. Rcd1 Rb8 26. Bc4 Be7 27. Rd3 Rd8 28. Rg3
Bxf5 29. Qxf5+ Kh8 30. Qh5 (30. Bd5 $1 a5 31. Kh2 (31. f4 exf4 32. Rxf4 Bc5+
33. Kh1 Bd4 34. Rf1 Be5 $132) (31. Rd1 Rc2 32. Qh5 Bc5 33. Rf3 Qg7) 31... Rdd7
32. Rd1 Rd8 33. Rdd3 Rc2 34. Rdf3 Rxa2 35. Qh5 Rxd5 36. exd5 Rd2 37. Rg4 Rxd5
38. Rfg3 Rd6 39. Rh4 Kh7 40. Qg4 Rd8 41. Qf5+ Kh8 42. Rc4 $16) 30... Bc5 31.
Bd5 Bb6 32. Rg4 Rdd7 $14) 23. Nf5 Bxf5 24. Qxf5+ Kh8 25. Rfd1 Bd4 (25... Rg5
26. Qf3 Rag8 27. Rd7 Rxg2+ 28. Qxg2 (28. Kh1 Qe6 29. Rxc5 R2g3 30. Qxg3 Rxg3
31. fxg3 Qxh3+ 32. Kg1 Qxg3+ 33. Kf1 Qf3+ 34. Ke1 Qe3+ $19) 28... Rxg2+ 29.
Kxg2 Qf8 30. Bc4 $1 (30. Kf3 Bb6 (30... Qc8 31. Ke2 a6 32. Ba4 a5 33. Bb5 $16)
31. Rc6 Qe8 32. Rxf6 Kg7 33. Rxh6 (33. Rfd6 Qc8 34. Bc6 Bc5 35. Bb7 Qe8 36. Rd5
Qe6 $132) 33... Kxh6 (33... Qc8 34. Rc6 (34. Rhd6 Qc5 35. Rxb6 axb6 $15) 34...
Qxd7 35. Rg6+ $11) 34. Rd6+ Qe6 35. Rxe6+ fxe6 36. Bc4 a5 37. Bxe6 $16) 30...
Qg7+ 31. Kf1 Qg5 32. Rc2 Qh4 (32... Qh5 33. Be6 Qf3 34. Rxc5 Qh1+ 35. Ke2 Qxe4+
36. Kd2 $18) 33. Be6 $1 Qxe4 34. Rxc5 Qh1+ 35. Ke2 Qe4+ 36. Kd2 $18) 26. Rc6 (
26. Qh5 Rg6 27. Rd2 b3 28. a3 Rag8 29. Bf1 $16) 26... Rg6 (26... Rad8 27. Rd2
Rg6 28. Kh2 $16) 27. Kh2 (27. Be2 Rd8 28. b3 Rd6 $14) 27... Kg7 (27... Rag8 28.
g3 Rg5 29. Qxf6+ Qxf6 30. Rxf6 Kg7 31. Rf3 Bxb2 32. Rd7 $18) 28. h4 Qb7 $2 $18
(28... Rg8 29. Bc4 Kh8 30. g3 $16) (28... Rd8 29. Rd2 b3 30. a3 Qd7 31. Rxf6
Qxf5 32. Rxf5 $16) 29. Ba4 Qe7 30. Rdc1 Bb6 (30... Bxb2 31. Rc7 Qf8 32. R1c6
Bd4 33. Bb3 $18) 31. Rd1 {(?)} (31. Rd1 Bd4 32. Rd2 Rg8 33. Bd1 $1 Qb7 34. Rdc2
b3 35. axb3 Kh8 36. g3 $18) (31. Bd1 $1 {Maybe this move was done...} Rd8 32.
Bh5 $18) 1-0

[Event "Clarin GP final"]
[Site "Villa Gesell"]
[Date "1998.03.15"]
[Round "9"]
[White "Soppe, Guillermo"]
[Black "Braga, Fernando Alberto"]
[Result "0-1"]
[WhiteElo "2455"]
[BlackElo "2465"]
[Annotator "Tsesarsky,I"]
[PlyCount "80"]
[EventDate "1998.03.07"]
[EventType "tourn"]
[EventRounds "11"]
[EventCountry "ARG"]
[EventCategory "10"]
[SourceTitle "CBM 064"]
[Source "ChessBase"]
[SourceDate "1998.06.02"]
[SourceVersion "1"]
[SourceVersionDate "1998.06.02"]
[SourceQuality "1"]

1. d4 d5 2. c4 c6 3. Nc3 Nf6 4. e3 e6 5. Nf3 Nbd7 6. Qc2 Bd6 (6... dxc4 7. Bxc4
Bd6 8. Bd2 O-O 9. Ne4 (9. e4 $5) (9. O-O-O $5) 9... Nxe4 10. Qxe4 Qe7 11. Bc3
Nf6 12. Qh4 Nd5 13. Qxe7 Bxe7 14. Bd2 Bd7 15. Ne5 Be8 16. Nd3 Rd8 17. Rc1 $14 {
1/2-1/2 Flohr,S-Tolush,A/URS-ch16 Moscow 1948 (35)}) (6... Bb4 7. Bd2 O-O 8.
Be2 dxc4 9. Bxc4 Bd6 10. O-O-O (10. O-O e5 11. h3 exd4 12. exd4 Nb6 13. Bb3
Nbd5 14. Bg5 Qa5 15. Nxd5 Nxd5 16. Rfe1 Bb4 17. Red1 f6 18. Bd2 Be6 $11 {
1/2-1/2 Stangl,M-Gabriel,C/Altensteig 1990 (32)}) 10... Qe7 11. Rhe1 b5 12. Bd3
Bb7 13. e4 e5 14. dxe5 Bxe5 15. Nxe5 Nxe5 16. Bf1 Nfd7 17. Kb1 Nb6 18. f4 Nec4
19. Bc1 $14 {Polgar,I-Flesch,J/Budapest 1965/1-0 (45)}) 7. Bd2 O-O 8. Bd3 dxc4
9. Bxc4 Qe7 (9... e5 10. dxe5 (10. O-O exd4 11. exd4 (11. Nxd4 Ne5 12. Be2 Bc7
13. Rad1 Re8 14. h3 Qe7 15. Rfe1 Ng6 16. Nf3 Ne5 {1/2-1/2 Tratar,M-Rapoport,I/
op, Ceske Budejovice CZE 1996 (18)}) 11... Nb6 12. Bd3 Re8 13. Rae1 Rxe1 14.
Rxe1 h6 15. Ne5 Be6 16. a3 $11 {= Sokolov,I-Beliavsky,A/Linares 1995 (24)})
10... Nxe5 11. Nxe5 Bxe5 12. O-O-O Qe7 13. Kb1 a5 14. f4 Bxc3 15. Bxc3 Ng4 16.
Rhe1 Nxe3 17. Bd3 Nxc2 18. Rxe7 Nb4 $44 {Taimanov,M-Kopilov,N/URS-ch19 Moscow
1951/1-0 (70)}) (9... c5 10. O-O a6 11. Bd3 (11. dxc5 $11) (11. a4 b6 12. dxc5
Bxc5 13. Ne4 Bb7 14. Nxc5 Nxc5 15. Bb4 Qc7 16. h3 Rfc8 17. Rfc1 Nfe4 $11 {
0-1 Gallego,V-Antunes,A/Benasque op 1996 (21)}) 11... Qc7 (11... b5 12. Ne4 $16
) 12. Rac1 c4 (12... b5 13. Ne4 c4 14. b3 $14) (12... b6 13. Ne4 Bb7 14. dxc5
$14) (12... cxd4 13. exd4 $14) 13. Ne4 $1 $14 {1/2-1/2 Vyzmanavin,A-Georgiev,K/
Elenite 1994 (36) (Vyzmanavin)}) (9... b5 10. Bd3 Bb7 11. e4 e5 12. dxe5 Nxe5
13. Nxe5 Bxe5 14. f4 Bxc3 15. Bxc3 c5 16. e5 c4 17. Bf5 Ng4 18. Qe2 Qh4+ 19. g3
Qe7 20. Qxg4 Bxh1 21. O-O-O Bc6 22. Rd6 $16 {1-0 Sokolov,I-Van De
Oudeweetering,A/Nederland tt 1994 (26)}) 10. O-O a6 11. Rac1 (11. a4 c5 12.
dxc5 Bxc5 13. e4 Ng4 14. Bf4 Qf6 15. Bg3 Nge5 16. Nxe5 Nxe5 17. Be2 Ba7 18.
Rad1 Nc6 19. Qc1 Nd4 20. Bd3 Bd7 21. e5 Qd8 $132 {Richardson,J-Gausel,E/VISA
GP, Reykjavik ISL 1998/1/2-1/2 (46)}) (11. e4 e5 $11) 11... h6 12. Rfe1 $11 (
12. e4 e5 13. d5 (13. Nh4 $2 exd4 14. Ng6 Bxh2+ 15. Kxh2 Qd6+ 16. Kh1 (16. e5
Nxe5 17. Nxe5 Qxe5+ 18. f4 Qh5+ 19. Kg1 Ng4 $19) 16... Ng4 (16... dxc3 17. Bxc3
Re8 18. e5 Qc5 19. exf6 Qxc4 20. Rfe1 Rxe1+ $8 21. Rxe1 Nxf6 22. Bxf6 Qxc2 23.
Re8+ Kh7 24. Nf8+ Kg8 25. Ng6+ $11) 17. e5 Ndxe5 18. Nxf8 Nxc4 19. Qh7+ Kxf8
20. Qh8+ Ke7 $19) (13. dxe5 Nxe5 14. Nxe5 Qxe5 15. g3 Qh5 16. Be2 Ng4 17. h4
Be6 18. f4 Rad8 $15) 13... cxd5 (13... c5 14. a4 $14) 14. Nxd5 Nxd5 15. Bxd5
Nf6 $11) 12... b5 13. Bd3 c5 14. Ne4 (14. a4 Bb7 15. axb5 Bxf3 16. gxf3 cxd4
17. exd4 axb5 18. Nxb5 Rfb8 $44) 14... Nxe4 15. Bxe4 Ra7 16. a4 (16. Bc3 Bb7
$11) 16... Bb7 (16... bxa4 17. Qxa4 Bb7 18. Bxb7 Rxb7 19. Bc3 cxd4 20. Qxd4 e5
21. Qc4 Rb5 $11) 17. axb5 axb5 18. Ra1 (18. Bxb7 Rxb7 19. Ra1 $11) 18... Rfa8 (
18... Bxe4 19. Qxe4 Nf6 20. Qc6 Qd7 $11) 19. Bxb7 (19. Rxa7 $142 Rxa7 20. Bxb7
Rxb7 21. Ra1 $11) 19... Rxa1 20. Bxa8 Rxa8 21. dxc5 (21. b3 $11) 21... Nxc5 22.
e4 (22. Bb4 Ra4 23. Qc3 $11) 22... Qb7 23. h3 Ra4 24. e5 Be7 25. b3 (25. Be3
Qe4 26. Qxe4 Nxe4 27. Rc1 Ra2 28. Rc8+ Kh7 29. Rc7 Bb4 30. Rxf7 Rxb2 31. Rb7
Bc3 $132) 25... Ra8 (25... Ra3 26. Bb4 Nd3 27. Bxa3 (27. Qxd3 Bxb4 $15) 27...
Nxe1 28. Nxe1 Bxa3 $11) 26. Be3 Na6 (26... Qd5 27. Bxc5 Bxc5 28. Rc1 Rc8 29.
Kf1 b4 30. Qc4 $11) 27. Rc1 (27. Nd4 $11) 27... Nb4 28. Qb1 (28. Qc7 Qxc7 29.
Rxc7 Nd5 30. Rd7 Nxe3 31. fxe3 (31. Rxe7 Ra1+ 32. Kh2 Nf1+ 33. Kg1 Nd2+ 34. Kh2
Nxf3+ 35. gxf3 Rb1 $17) 31... Bc5 32. Nd4 Ra3 $17) 28... Nd5 29. Qe4 Rc8 (29...
Ra2 30. Bc5 $11) 30. Rxc8+ Qxc8 31. Bd2 Bc5 32. Qd3 Qa6 33. g4 (33. g3 $11)
33... Qa1+ 34. Kg2 Bb4 35. Qf1 (35. Qxb5 Bxd2 36. Nxd2 Nf4+ 37. Kg3 g5 38. Nf1
(38. Qf1 Qxe5 39. Nc4 Qc3+ 40. Ne3 Qxb3 $17) 38... Kg7 $44) 35... Qa5 36. Bc1
$6 (36. Qe1 $11) 36... Bc3 37. Kg1 $2 (37. g5 hxg5 38. Bxg5 Qb4 39. Qb1 Nf4+
40. Bxf4 Qxf4 41. Qd1 b4 $15) 37... Qb4 $17 38. Qd1 (38. Qd3 $6 Qxb3 39. g5 $1
Qc4 $1 (39... hxg5 $2 40. Nxg5 g6 41. Qf3 f5 42. exf6 Nxf6 43. Qa8+ Kg7 44.
Qb7+ Kh8 $8 $11) (39... Nb4 $2 40. Qd8+ Kh7 41. gxh6 gxh6 $8 42. Qf6 Qd1+ 43.
Kg2 Qxc1 44. Qxf7+ Kh8 45. Qf8+ $11) (39... h5 $2 40. g6 Qc4 41. gxf7+ Kxf7 42.
Ng5+ Ke8 43. Qg6+ Kd7 44. Qxe6+ $14) 40. Qxc4 (40. Qc2 Nb4 $19) 40... bxc4 41.
gxh6 gxh6 42. Bxh6 (42. Kf1 Kh7 43. Ke2 Kg6 $17) 42... Bb2 43. Be3 c3 44. Bd4 (
44. Nd4 Nb4 45. f4 c2 46. Nb3 Nd3 47. Kf1 c1=Q+ 48. Nxc1 Bxc1 $19) 44... Ba1
45. Ne1 Nb4 46. h4 c2 47. Nxc2 Nxc2 48. Bxa1 Nxa1 $19) 38... Qe4 39. Kf1 (39.
Bd2 b4 40. Kh2 Bxd2 41. Nxd2 Qxe5+ $17) 39... Bxe5 40. Nxe5 $4 (40. Qe2 $17)
40... Qh1+ 0-1